History Quiz

Random History or Country Quiz

Sides of WWII Quiz Stats

Quiz not verified by Sporcle

Also try: How Many Years...
Challenge
Share
Tweet
Embed
Score 0/19 Timer 10:00
0 Plays Today
Country Side % Correct
????
100%
????
71.9%
????
71.9%
????
71.9%
????
71.9%
????
63.5%
????
14.6%
????
14.6%
????
14.6%
????
14.6%
Country Side % Correct
????
14.6%
????
13.5%
????
13.5%
????
13.5%
????
13.5%
????
13.5%
????
13.5%
????
13.5%
????
13.5%

You're not logged in!

Compare scores with friends on all Sporcle quizzes.
Sign Up with Email
OR
Log In

You Might Also Like...

Show Comments

Extras

Top Quizzes Today


Score Distribution

Your Account Isn't Verified!

In order to create a playlist on Sporcle, you need to verify the email address you used during registration. Go to your Sporcle Settings to finish the process.

Report this User

Report this user for behavior that violates our Community Guidelines.

Details: